Ptaki stwierdzone w polsce na litere M - Statystyki

Ogólne statystyki
  • Ten quiz został rozwiązany 28 razy
  • Średni wynik to 20 z 36
Statystyki odpowiedzi
Odpowiedź % Poprawnych
mandarynka
81%
mysikrólik
81%
myszołów
81%
makolągwa
69%
markaczka
69%
maskonur
69%
mewa siodłata
69%
mewa siwa
69%
mewa srebrzysta
69%
modraszka
69%
mewa mała
63%
mewa czarnogłowa
56%
mewa romańska
56%
mewa różowa
56%
mewa trójpalczasta
56%
mewa żółtonoga
56%
mewa białogłowa
50%
mewa blada
50%
mewa cienkodzioba
50%
mewa karaibska
50%
mewa śródziemnomorska
50%
muchołówka żałobna
50%
myszołów włochaty
50%
mewa obrożna
44%
mewa ochocka
44%
mewa polarna
44%
mewa popielata
44%
modraczek
44%
muchołówka białoszyja
44%
muchołówka mała
44%
muchołówka szara
44%
markaczka amerykańska
38%
mazurek
38%
mewa delawarska
38%
mewa modrodzioba
38%
mornel
31%
Nie znaleziono quizów pasujących do podanych kryteriów
Rozkład punktacji
Procent ludzi z każdym wynikiem
Percentyl według liczby udzielonych odpowiedzi
Twoja historia wyników
Nie rozwiązałeś tego quizu